000 00986nam0a22002651 4500
001 v19\rc\1770645
005 20250619070955.0
035 _a(NLR Aleph) 004868306
090 _a5076484
_c5076484
100 _a20061204d1903 |||y0rusy50 ca
101 0 _arus
102 _aRU
105 _ay z |||||
200 1 _aДревнейшие пределы расселения грузин по Малой Азии
210 _aТифлис
_cтип. К.П. Козловского
_d1903
215 _a[2], 70 с.
_d22
225 1 _aЗаписки Кавказского отделения Русского географического общества
_vКн. 22, вып. 6
300 _aПеред загл. авт.: А.С. Хаханов
309 _aБез тит. л.
700 1 _aХаханов
_bА.С.
_f1864-1912
_gАлександр Соломонович
801 0 _aRU
_bNLR
_gpsbo
801 1 _aRU
_bProSoft-M
_2rusmarc
852 _aNLR
_j1/164
942 _cBOOK
980 _aNB